000 00474nam a2200157 i 4500
001 62774
003 ES-MaACL
005 20230906164727.0
007 t|
008 031125s1973 sp ||||1| spa d
100 1 _aFernández Martínez, Rafael.
_949912
245 1 0 _aDibujo
_b: quinto curso de bachillerato /
_cRafael Fernández Martínez.
260 _aValencia :
_bLópez Mezquita,
_c[1973]
300 _a110 p. :
_bil. ;
_c27 cm.
852 _aES-MaACL
_jC-55140
_bR.87700
999 _c62774
_d62774